Distribución geográfica, estacionalidad y comportamiento de Diaethria asteria (<Lepidoptera: Nymphalidae>) (Registro nro. 10412)

Detalles MARC
000 -CABECERA
Campo de control 007420000a22002050004500
090 ## - CLASIFICACIÓN LOCAL
Colección AR
Consecutivo 01327
041 0# - IDIOMA
Código de idioma para texto/pista de sonido o título separado
100 1# - ASIENTO PRINCIPAL--NOMBRE PERSONAL
Nombre personal Martínez, Armando Luis
245 10 - MENCION DE TITULO
Título Distribución geográfica, estacionalidad y comportamiento de Diaethria asteria (<Lepidoptera: Nymphalidae>)
650 14 - ASIENTO SECUNDARIO DE MATERIA - TERMINO TEMATICO
Término temático o nombre geográfico como elemento de entrada Distribución geográfica
650 14 - ASIENTO SECUNDARIO DE MATERIA - TERMINO TEMATICO
Término temático o nombre geográfico como elemento de entrada Distribución altitudinal
650 14 - ASIENTO SECUNDARIO DE MATERIA - TERMINO TEMATICO
Término temático o nombre geográfico como elemento de entrada Uso del hábitat
650 14 - ASIENTO SECUNDARIO DE MATERIA - TERMINO TEMATICO
Término temático o nombre geográfico como elemento de entrada Entomología
651 #4 - ASIENTO SECUNDARIO DE MATERIA - NOMBRE GEOGRAFICO
-- Colima
-- Jalisco
-- México
653 ## - TERMINO DE INDIZACION - NO CONTROLADO
-- Nymphalidae
-- Diaethria
-- Diaethria asteria
700 1# - ASIENTO SECUNDARIO - NOMBRE PERSONAL
Nombre personal Vargas Fernández, Isabel
700 1# - ASIENTO SECUNDARIO - NOMBRE PERSONAL
Nombre personal Llorente Bousquets, Jorge E.
773 1# - Item fuente:
Título Tropical Lepidoptera
Especificación de materiales 311
Descripción física 1
Paginas del Articulo 38-44
Lugar, editorial y fecha de publicación 1996
Información sobre la relación 7
942 ## - ELEMENTOS ADICIONALES (KOHA)
Tipo de ítem Artículo
Existencias
Withdrawn status Lost status Damaged status No para préstamo Colección Ubicación Permanente Ubicación actual Fecha de adquisición Fuente de Valor Datos de publicación Seriada Total Checkouts Número topográfico Inventario / Código de Barras Date last seen Ejemplar Price effective from Forma de adquisición Tipo de material
      No para Préstamo Hemeroteca Bogotá Bogotá 27/02/2015 Muñoz Saba, Yaneth Fuera de circulación   AR 01327 011671 25/03/2015 1 25/03/2015   Artículo